| 000 | 00852cam a2200253 a 4500 | ||
|---|---|---|---|
| 999 |
_c3779 _d3779 |
||
| 020 | _a155367023X | ||
| 020 | _a1551410117 | ||
| 022 | _a9781553670230 | ||
| 022 | _a770044228615 | ||
| 050 | 0 | 0 |
_aKE3244.Z82 _bO65 |
| 100 | 1 | _aOpie, Theo Anne. | |
| 245 | 1 | 0 |
_aYou asked? : _byour employment standards questions answered / _cTheo Anne Opie. |
| 250 | _a2nd ed. | ||
| 260 |
_aToronto : _bCCH Canadian Ltd., _cc2002. |
||
| 300 |
_av, 234 p. ; _c23 cm. |
||
| 440 | 0 | _aHRWorks | |
| 500 | _aPrevious ed.: You asked! / Lauren Bates, 1997. | ||
| 500 | _aIncludes index. | ||
| 505 | _aDefining the employment relationship - introduction Labour Jurisdictions - Introduction Checklist for employee / independent contractor status | ||
| 650 | 0 | _aLabor laws and legislation | |
| 650 | 0 | _aEmployee rights | |
| 700 | 1 | _aBates, Lauren, | |
| 942 | _cBK | ||